NBA Teams - Statistics

General Stats
  • This quiz has been taken 29 times
  • The average score is 23 of 30
Answer Stats
Answer % Correct
Indiana Pacers
91%
Los Angeles Lakers
91%
Miami Heat
91%
Boston Celtics
86%
Detroit Pistons
86%
Golden State Warriors
86%
San Antonio Spurs
86%
Chicago Bulls
82%
Houston Rockets
82%
Los Angeles Clippers
82%
Philadelphia 76ers
82%
Phoenix Suns
82%
Sacramento Kings
82%
Brooklyn Nets
77%
Cleveland Cavaliers
77%
Dallas Mavericks
77%
New Orleans Pelicans
77%
New York Knicks
77%
Oklahoma City Thunder
77%
Orlando Magic
77%
Utah Jazz
77%
Charlotte Hornets
73%
Memphis Grizzlies
73%
Milwaukee Bucks
73%
Washington Wizards
73%
Atlanta Hawks
68%
Denver Nuggets
68%
Portland Trailblazers
68%
Toronto Raptors
68%
Minnesota Timberwolves
50%
No matching quizzes found
Score Distribution
Percent of People with Each Score
Percentile by Number Answered
Your Score History
You have not taken this quiz